00224nam a2200085Ia 4500008004100000041000800041100002000049245003300069260003600102241105s9999 xx 000 0 und d aeng aShridhar Sujata aMicrostructural Multiplicity bM Arch Digital BNCA, Punec2016